Moskevský čas /

Ze svých schůzek i letmých setkání se sovětskými umělci vytěžil autor knížku zajímavých pohledů na bohatý kulturní, umělecký i všední život Moskvanů z konce r. 1959.

Hlavní autor: Kadlec, Josef, 1919-2003
Jazyk: Čeština
Vydáno: Praha : Svět sovětů, 1960
Vydání: 1. vyd.
Témata:
Fyzický popis: 95, [2] s. ; 8°
Knihy
Uloženo v:
LEADER 01087nam a2200265 a 4500
001 000638464
003 CZ BrMZK
005 20100125131417.0
007 ta
008 021126s1960 xr f cze d
040 |a BOA001  |c ze  |d BOA001 
080 |a 885-43:[92:882  |2 MRF 
100 1 |a Kadlec, Josef,  |d 1919-2003  |7 jk01052433  |4 aut 
245 1 0 |a Moskevský čas /  |c Josef Kadlec 
250 |a 1. vyd. 
260 |a Praha :  |b Svět sovětů,  |c 1960 
300 |a 95, [2] s. ;  |c 8° 
500 |a S fot. v textu, na tit. listu, frontispice a předsádkách 
520 2 |a Ze svých schůzek i letmých setkání se sovětskými umělci vytěžil autor knížku zajímavých pohledů na bohatý kulturní, umělecký i všední život Moskvanů z konce r. 1959. 
910 |a BOA001  |b 1-0446.684  |b PK-A-0006.903 
920 |a 000173648 
964 |a Moskva - črty cestopisné 
990 |a BK 
996 6 |b 2619697411  |c 1-0446.684  |l MZK  |r Sklad / do 1 hodiny  |n 2  |w 000638464  |u 000010  |a 1  |e BOA001  |j MZK50  |s P 
996 7 |b 3119944676  |c PK-A-0006.903  |l MZK  |r Sklad / do 1 hodiny  |n 0  |w 000638464  |u 000020  |a 1  |e BOA001  |j MZK50  |s A